000 00700nam a2200289Ia 4500
005 20260324125633.0
008 008 260324s9999 xx 000 0 eng d
020 _a9781315251769
037 _aEBOOK
040 _aCRL
040 _beng
040 _cCRL
041 _2eng
041 _aeng
084 _qCRL
100 _aWayne Hudson; Azyumardi Azra
_91178734
245 0 _aIslam Beyond Conflict
245 0 _bIndonesian Islam and Western Political Theory
260 _bTaylor and Francis
260 _c2008
365 _a
365 _b150
856 _uhttp://www.taylorfrancis.com/books/9781315251769
942 _cEBOOK
999 _c1774191
_d1774191